000 00890cam a22002771 4500
001 4656166
003 OSt
005 20170105101210.0
008 730327s1958 nyua 000 0 eng
010 _a58006333
035 _a(OCoLC)ocm00255440
035 _a(NNC)4656166
040 _aDLC
_cDLC
_dCHS
050 0 0 _aHM251
_b.S685 1958
098 _aPU23
110 2 _aSociety for the Psychological Study of Social Issues.
245 1 0 _aReadings in social psychology.
250 _a3d ed.
_bEditorial committee: Eleanor E. Maccoby, Theodore M. Newcomb [and] Eugene L. Hartley. Prepared for the Committee on the Teaching of Social Psychology.
260 _aNew York,
_bHolt,
_c1958.
300 _a674 p.
_billus.
_c24 cm.
650 0 _aSocial psychology.
650 2 _aPsychology, Social.
700 1 _aMaccoby, Eleanor E.,
_d1917-,
_eeditor.
942 _2ddc
_cBK
999 _c3179
_d3179